Countries of Oceania in Alphabetical Order - Statistics

General Stats
  • This quiz has been taken 46 times
  • The average score is 12 of 14
Answer Stats
Population Country % Correct
25,499,884 A Australia
95%
896,445 F Fiji
95%
59,190 M Marshall Islands
92%
18,094 P Palau
92%
10,824 N Nauru
89%
686,884 S Solomon Islands
89%
11,792 T Tuvalu
89%
119,449 K Kiribati
86%
198,414 S Samoa
86%
4,822,233 N New Zealand
84%
105,695 T Tonga
84%
307,145 V Vanuatu
81%
548,914 M Micronesia
78%
8,947,024 P Papa New Guinea
35%
No matching quizzes found
Score Distribution
Percent of People with Each Score
Percentile by Number Answered
Your Score History
You have not taken this quiz